[Event "Villarobledo Online Qualifyer"]
[Site "playchess.com #155672"]
[Date "2009.05.23"]
[Round "12"]
[White "Novoselski"]
[Black "Kendo"]
[Result "0-1"]
[WhiteElo "2522"]
[BlackElo "2739"]
[PlyCount "192"]
[EventDate "2009.05.23"]
[EventType "swiss (blitz)"]

1. g3 {[%emt 0:00:02]} d5 {[%emt 0:00:01]} 2. Bg2 {[%emt 0:00:00]} c6 {[%emt 0:
00:01]} 3. c4 {[%emt 0:00:01]} Nf6 {[%emt 0:00:01]} 4. cxd5 {[%emt 0:00:02]}
cxd5 {[%emt 0:00:01]} 5. d3 {[%emt 0:00:00]} Nc6 {[%emt 0:00:02]} 6. Nf3 {
[%emt 0:00:01]} Bg4 {[%emt 0:00:01]} 7. O-O {[%emt 0:00:01]} e6 {[%emt 0:00:05]
} 8. Be3 {[%emt 0:00:06]} Bxf3 {[%emt 0:00:08]} 9. Bxf3 {[%emt 0:00:02]} Bd6 {
[%emt 0:00:00]} 10. Qb3 {[%emt 0:00:04]} Qe7 {[%emt 0:00:02]} 11. Nc3 {[%emt 0:
00:04]} O-O {[%emt 0:00:02]} 12. Nb5 {[%emt 0:00:02]} Bc5 {[%emt 0:00:08]} 13.
Bf4 {[%emt 0:00:18]} a6 {[%emt 0:00:13]} 14. Nc3 {[%emt 0:00:11]} Nd4 {[%emt 0:
00:06]} 15. Qd1 {[%emt 0:00:01]} Nxf3+ {[%emt 0:00:01]} 16. exf3 {[%emt 0:00:
00]} Bd6 {[%emt 0:00:05]} 17. Be3 {[%emt 0:00:07]} Rac8 {[%emt 0:00:03]} 18.
Re1 {[%emt 0:00:04]} Rc6 {[%emt 0:00:07]} 19. Bg5 {[%emt 0:00:11]} Qd8 {[%emt
0:00:14]} 20. Ne2 {[%emt 0:00:19]} h6 {[%emt 0:00:03]} 21. Be3 {[%emt 0:00:04]}
Bc5 {[%emt 0:00:35]} 22. Nd4 {[%emt 0:00:13]} Bxd4 {[%emt 0:00:29]} 23. Bxd4 {
[%emt 0:00:01]} Qe7 {[%emt 0:00:03]} 24. Rc1 {[%emt 0:00:12]} Rfc8 {[%emt 0:00:
01]} 25. Rxc6 {[%emt 0:00:02]} Rxc6 {[%emt 0:00:00]} 26. Qe2 {[%emt 0:00:07]}
Qc7 {[%emt 0:00:19]} 27. Be5 {[%emt 0:00:09]} Qc8 {[%emt 0:00:05]} 28. Bc3 {
[%emt 0:00:09]} Qc7 {[%emt 0:00:07]} 29. Qe3 {[%emt 0:00:05]} Ne8 {[%emt 0:00:
22]} 30. Be5 {[%emt 0:00:11]} Qa5 {[%emt 0:00:05]} 31. a3 {[%emt 0:00:07]} Qc5
{[%emt 0:00:03]} 32. Bd4 {[%emt 0:00:03]} Qd6 {[%emt 0:00:08]} 33. f4 {[%emt 0:
00:01]} f5 {[%emt 0:00:04]} 34. Bc3 {[%emt 0:00:04]} Kf7 {[%emt 0:00:02]} 35.
Qd4 {[%emt 0:00:03]} Qc5 {[%emt 0:00:03]} 36. Qe5 {[%emt 0:00:07]} Qd6 {[%emt
0:00:01]} 37. Qe2 {[%emt 0:00:03]} Qc7 {[%emt 0:00:02]} 38. Qh5+ {[%emt 0:00:
02]} Kf8 {[%emt 0:00:03]} 39. Qe2 {[%emt 0:00:15]} Nf6 {[%emt 0:00:05]} 40. h3
{[%emt 0:00:05]} Kf7 {[%emt 0:00:05]} 41. Kg2 {[%emt 0:00:03]} Qd8 {[%emt 0:00:
04]} 42. Bd4 {[%emt 0:00:05]} Qc7 {[%emt 0:00:02]} 43. Qe3 {[%emt 0:00:06]} b5
{[%emt 0:00:03]} 44. b4 {[%emt 0:00:02]} Qb8 {[%emt 0:00:04]} 45. Rc1 {[%emt 0:
00:04]} Rxc1 {[%emt 0:00:02]} 46. Qxc1 {[%emt 0:00:01]} Qb7 {[%emt 0:00:02]}
47. Qc5 {[%emt 0:00:01]} Nd7 {[%emt 0:00:04]} 48. Qd6 {[%emt 0:00:01]} Nf6 {
[%emt 0:00:00]} 49. Bc5 {[%emt 0:00:02]} Qc8 {[%emt 0:00:04]} 50. Qe7+ {[%emt
0:00:02]} Kg6 {[%emt 0:00:00]} 51. f3 {[%emt 0:00:02]} h5 {[%emt 0:00:01]} 52.
g4 {[%emt 0:00:05]} hxg4 {[%emt 0:00:01]} 53. hxg4 {[%emt 0:00:00]} fxg4 {
[%emt 0:00:01]} 54. fxg4 {[%emt 0:00:01]} Qe8 {[%emt 0:00:03]} 55. Qxe8+ {
[%emt 0:00:10]} Nxe8 {[%emt 0:00:00]} 56. Kf3 {[%emt 0:00:01]} Kf7 {[%emt 0:00:
02]} 57. g5 {[%emt 0:00:04]} g6 {[%emt 0:00:01]} 58. Ke3 {[%emt 0:00:01]} Ng7 {
[%emt 0:00:08]} 59. Kd4 {[%emt 0:00:01]} Nf5+ {[%emt 0:00:01]} 60. Ke5 {[%emt
0:00:01]} Nh4 {[%emt 0:00:03]} 61. Bf2 {[%emt 0:00:06]} Ng2 {[%emt 0:00:02]}
62. Bg3 {[%emt 0:00:02]} Ne3 {[%emt 0:00:01]} 63. Be1 {[%emt 0:00:13]} Nc2 {
[%emt 0:00:01]} 64. Bd2 {[%emt 0:00:05]} Nxa3 {[%emt 0:00:02]} 65. Kd6 {[%emt
0:00:01]} Nb1 {[%emt 0:00:07]} 66. Be1 {[%emt 0:00:01]} Na3 {[%emt 0:00:01]}
67. Kc5 {[%emt 0:00:02]} Nc2 {[%emt 0:00:01]} 68. Bd2 {[%emt 0:00:00]} Ke7 {
[%emt 0:00:00]} 69. Kb6 {[%emt 0:00:03]} Kd6 {[%emt 0:00:01]} 70. Kxa6 {[%emt
0:00:01]} Kc6 {[%emt 0:00:00]} 71. Ka7 {[%emt 0:00:01]} Nd4 {[%emt 0:00:03]}
72. Kb8 {[%emt 0:00:02]} Nf3 {[%emt 0:00:01]} 73. Bc3 {[%emt 0:00:04]} d4 {
[%emt 0:00:01]} 74. Bb2 {[%emt 0:00:01]} Kd5 {[%emt 0:00:05]} 75. Kc7 {[%emt 0:
00:02]} Ne1 {[%emt 0:00:01]} 76. Kb6 {[%emt 0:00:06]} Nxd3 {[%emt 0:00:01]} 77.
Ba1 {[%emt 0:00:05]} Nxb4 {[%emt 0:00:01]} 78. Kxb5 {[%emt 0:00:01]} Nd3 {
[%emt 0:00:01]} 79. Ka4 {[%emt 0:00:02]} Nxf4 {[%emt 0:00:01]} 80. Kb3 {[%emt
0:00:00]} e5 {[%emt 0:00:01]} 81. Kc2 {[%emt 0:00:00]} e4 {[%emt 0:00:00]} 82.
Kd2 {[%emt 0:00:00]} e3+ {[%emt 0:00:00]} 83. Ke1 {[%emt 0:00:01]} Ke4 {[%emt
0:00:00]} 84. Bb2 {[%emt 0:00:01]} d3 {[%emt 0:00:01]} 85. Bc3 {[%emt 0:00:01]}
d2+ {[%emt 0:00:01]} 86. Kd1 {[%emt 0:00:05]} Kf3 {[%emt 0:00:07]} 87. Ba5 {
[%emt 0:00:05]} Nd3 {[%emt 0:00:05]} 88. Bxd2 {[%emt 0:00:03]} exd2 {[%emt 0:
00:01]} 89. Kxd2 {[%emt 0:00:00]} Nf2 {[%emt 0:00:01]} 90. Ke1 {[%emt 0:00:00]}
Ne4 {[%emt 0:00:01]} 91. Kf1 {[%emt 0:00:01]} Nxg5 {[%emt 0:00:00]} 92. Kg1 {
[%emt 0:00:00]} Ne4 {[%emt 0:00:00]} 93. Kh1 {[%emt 0:00:00]} g5 {[%emt 0:00:
01]} 94. Kg1 {[%emt 0:00:00]} g4 {[%emt 0:00:00]} 95. Kf1 {[%emt 0:00:00]} g3 {
[%emt 0:00:06]} 96. Kg1 {[%emt 0:00:00]} g2 {[%emt 0:00:01] Novoselski resigns
(Lag: Av=0.47s, max=2.7s)} 0-1

[Event "Villarobledo Online Qualifyer"]
[Site "playchess.com #155672"]
[Date "2009.05.23"]
[Round "13"]
[White "Unicorn"]
[Black "Kendo"]
[Result "1/2-1/2"]
[WhiteElo "2609"]
[BlackElo "2747"]
[PlyCount "24"]
[EventDate "2009.05.23"]
[EventType "swiss (blitz)"]
[TimeControl "180+2"]

{Unicorn offers a draw} 1. d4 {[%emt 0:00:02]} d5 {[%emt 0:00:12]} 2. c4 {
[%emt 0:00:02]} c6 {[%emt 0:00:01]} 3. Nf3 {[%emt 0:00:07]} Nf6 {[%emt 0:00:02]
} 4. Nc3 {[%emt 0:00:01]} e6 {[%emt 0:00:01]} 5. Bg5 {[%emt 0:00:02]} h6 {
[%emt 0:00:04]} 6. Bh4 {[%emt 0:00:01]} Be7 {[%emt 0:00:10]} 7. cxd5 {[%emt 0:
00:02]} exd5 {[%emt 0:00:01]} 8. e3 {[%emt 0:00:02]} Bf5 {[%emt 0:00:03]} 9.
Bd3 {[%emt 0:00:05]} Bxd3 {[%emt 0:00:02]} 10. Qxd3 {[%emt 0:00:00]} Nbd7 {
[%emt 0:00:03]} 11. O-O {[%emt 0:00:01]} O-O {[%emt 0:00:03]} 12. Rab1 {[%emt
0:00:01] Kendo bietet Remis} a5 {[%emt 0:00:02]} 1/2-1/2

[Event "Villarobledo Online Qualifyer"]
[Site "playchess.com #155672"]
[Date "2009.05.23"]
[Round "13"]
[White "Torresh"]
[Black "DHCA"]
[Result "1-0"]
[WhiteElo "2114"]
[BlackElo "1668"]
[PlyCount "51"]
[EventDate "2009.05.23"]
[EventType "swiss (blitz)"]

1. e4 {[%emt 0:00:00]} e6 {[%emt 0:00:01]} 2. d4 {[%emt 0:00:02]} d5 {[%emt 0:
00:01]} 3. Nc3 {[%emt 0:00:01]} Bb4 {[%emt 0:00:02]} 4. e5 {[%emt 0:00:02]} c5
{[%emt 0:00:01]} 5. a3 {[%emt 0:00:01]} Bxc3+ {[%emt 0:00:01]} 6. bxc3 {[%emt
0:00:00]} Ne7 {[%emt 0:00:01]} 7. Qg4 {[%emt 0:00:01]} Qc7 {[%emt 0:00:01]} 8.
Qxg7 {[%emt 0:00:01]} Rg8 {[%emt 0:00:00]} 9. Qxh7 {[%emt 0:00:01]} cxd4 {
[%emt 0:00:00]} 10. Ne2 {[%emt 0:00:01]} Nbc6 {[%emt 0:00:02]} 11. f4 {[%emt 0:
00:01]} dxc3 {[%emt 0:00:03]} 12. Qd3 {[%emt 0:00:01]} Bd7 {[%emt 0:00:01]} 13.
Nxc3 {[%emt 0:00:03]} a6 {[%emt 0:00:01]} 14. Rb1 {[%emt 0:00:02]} Nf5 {[%emt
0:00:03]} 15. g4 {[%emt 0:00:01]} Rxg4 {[%emt 0:00:06]} 16. Bh3 {[%emt 0:00:02]
} Rg8 {[%emt 0:00:08]} 17. Bxf5 {[%emt 0:00:02]} exf5 {[%emt 0:00:02]} 18. Nxd5
{[%emt 0:00:01]} Qd8 {[%emt 0:00:17]} 19. Nf6+ {[%emt 0:00:02]} Kf8 {[%emt 0:
00:02]} 20. Nxd7+ {[%emt 0:00:02]} Ke8 {[%emt 0:00:05]} 21. Nf6+ {[%emt 0:00:
02]} Kf8 {[%emt 0:00:02]} 22. Nxg8 {[%emt 0:00:10]} Qh4+ {[%emt 0:00:06]} 23.
Qg3 {[%emt 0:00:06]} Qd8 {[%emt 0:00:07]} 24. Nf6 {[%emt 0:00:07]} Qd4 {[%emt
0:00:03]} 25. Qg8+ {[%emt 0:00:14]} Ke7 {[%emt 0:00:02]} 26. Rxb7+ {[%emt 0:00:
02] DHCA rinde} 1-0

[Event "Villarobledo Online Qualifyer"]
[Site "playchess.com #155672"]
[Date "2009.05.23"]
[Round "13"]
[White "The great master"]
[Black "Krondor"]
[Result "1-0"]
[WhiteElo "1435"]
[BlackElo "1507"]
[PlyCount "29"]
[EventDate "2009.05.23"]
[EventType "swiss (blitz)"]

1. e4 {[%emt 0:00:01]} e5 {[%emt 0:00:04]} 2. Nf3 {[%emt 0:00:02]} Nf6 {[%emt
0:00:02]} 3. Bc4 {[%emt 0:00:01]} d6 {[%emt 0:00:03]} 4. Ng5 {[%emt 0:00:08]}
d5 {[%emt 0:00:10]} 5. exd5 {[%emt 0:00:03]} Nxd5 {[%emt 0:00:02]} 6. d3 {
[%emt 0:00:05]} Be7 {[%emt 0:00:14]} 7. Nf3 {[%emt 0:00:11]} Nc6 {[%emt 0:00:
13]} 8. O-O {[%emt 0:00:05]} Bg4 {[%emt 0:00:06]} 9. Bd2 {[%emt 0:00:12]} Nd4 {
[%emt 0:00:05]} 10. c3 {[%emt 0:00:29]} Nxf3+ {[%emt 0:00:08]} 11. gxf3 {[%emt
0:00:02]} Bh3 {[%emt 0:00:12]} 12. Re1 {[%emt 0:00:05]} Qd6 {[%emt 0:00:05]}
13. Kh1 {[%emt 0:00:50]} Qg6 {[%emt 0:00:00]} 14. Rg1 {[%emt 0:00:05]} Qh6 {
[%emt 0:00:00]} 15. Bxh6 {[%emt 0:00:02] Krondor resigns} 1-0

[Event "Villarobledo Online Qualifyer"]
[Site "playchess.com #155672"]
[Date "2009.05.23"]
[Round "13"]
[White "Chofis"]
[Black "Acedrex"]
[Result "0-1"]
[WhiteElo "1795"]
[BlackElo "2150"]
[PlyCount "106"]
[EventDate "2009.05.23"]
[EventType "swiss (blitz)"]

1. d4 {[%emt 0:00:03]} Nf6 {[%emt 0:00:01]} 2. Bg5 {[%emt 0:00:02]} Ne4 {[%emt
0:00:01]} 3. Bf4 {[%emt 0:00:02]} c5 {[%emt 0:00:01]} 4. f3 {[%emt 0:00:01]}
Qa5+ {[%emt 0:00:01]} 5. c3 {[%emt 0:00:02]} Nf6 {[%emt 0:00:01]} 6. d5 {[%emt
0:00:01]} Qb6 {[%emt 0:00:05]} 7. Bc1 {[%emt 0:00:04]} g6 {[%emt 0:00:01]} 8.
e4 {[%emt 0:00:01]} d6 {[%emt 0:00:01]} 9. c4 {[%emt 0:00:02]} Bg7 {[%emt 0:00:
01]} 10. Nc3 {[%emt 0:00:01]} O-O {[%emt 0:00:02]} 11. Bd3 {[%emt 0:00:01]}
Nbd7 {[%emt 0:00:02]} 12. Nge2 {[%emt 0:00:02]} Ne5 {[%emt 0:00:02]} 13. O-O {
[%emt 0:00:01]} Nfd7 {[%emt 0:00:01]} 14. h3 {[%emt 0:00:02]} Nxd3 {[%emt 0:00:
01]} 15. Qxd3 {[%emt 0:00:01]} Ne5 {[%emt 0:00:00]} 16. Qc2 {[%emt 0:00:02]}
Nxc4 {[%emt 0:00:01]} 17. Rb1 {[%emt 0:00:06]} Bd4+ {[%emt 0:00:04]} 18. Nxd4 {
[%emt 0:00:04]} cxd4 {[%emt 0:00:01]} 19. Na4 {[%emt 0:00:02]} d3+ {[%emt 0:00:
01]} 20. Nxb6 {[%emt 0:00:03]} dxc2 {[%emt 0:00:01]} 21. Ra1 {[%emt 0:00:04]}
axb6 {[%emt 0:00:01]} 22. b3 {[%emt 0:00:01]} Ne5 {[%emt 0:00:04]} 23. Rf2 {
[%emt 0:00:03]} Nd3 {[%emt 0:00:01]} 24. Rxc2 {[%emt 0:00:01]} Nxc1 {[%emt 0:
00:00]} 25. Raxc1 {[%emt 0:00:01]} f5 {[%emt 0:00:02]} 26. Rc7 {[%emt 0:00:04]}
fxe4 {[%emt 0:00:03]} 27. fxe4 {[%emt 0:00:01]} Re8 {[%emt 0:00:09]} 28. a4 {
[%emt 0:00:02]} e6 {[%emt 0:00:04]} 29. dxe6 {[%emt 0:00:04]} Bxe6 {[%emt 0:00:
01]} 30. Rxb7 {[%emt 0:00:02]} Rab8 {[%emt 0:00:00]} 31. Rcc7 {[%emt 0:00:06]}
Rxb7 {[%emt 0:00:01]} 32. Rxb7 {[%emt 0:00:01]} Bxb3 {[%emt 0:00:00]} 33. Rxb6
{[%emt 0:00:01]} Bxa4 {[%emt 0:00:01]} 34. Rxd6 {[%emt 0:00:01]} Rxe4 {[%emt 0:
00:01]} 35. Ra6 {[%emt 0:00:07]} Rb4 {[%emt 0:00:03]} 36. Ra7 {[%emt 0:00:04]}
Bc6 {[%emt 0:00:05]} 37. Rc7 {[%emt 0:00:05]} Rc4 {[%emt 0:00:02]} 38. g4 {
[%emt 0:00:11]} Rc2 {[%emt 0:00:02]} 39. g5 {[%emt 0:00:09]} Be4 {[%emt 0:00:
24]} 40. Rxc2 {[%emt 0:00:06]} Bxc2 {[%emt 0:00:02]} 41. Kf2 {[%emt 0:00:01]}
Bf5 {[%emt 0:00:01]} 42. Ke3 {[%emt 0:00:00]} Kf7 {[%emt 0:00:01]} 43. h4 {
[%emt 0:00:01]} Ke6 {[%emt 0:00:01]} 44. Kd4 {[%emt 0:00:01]} Kd6 {[%emt 0:00:
01]} 45. Ke3 {[%emt 0:00:03]} Ke5 {[%emt 0:00:01]} 46. Kf3 {[%emt 0:00:00]} Be6
{[%emt 0:00:04]} 47. Kg3 {[%emt 0:00:01]} Ke4 {[%emt 0:00:01]} 48. h5 {[%emt 0:
00:02]} gxh5 {[%emt 0:00:03]} 49. Kh4 {[%emt 0:00:02]} Bg4 {[%emt 0:00:01]} 50.
g6 {[%emt 0:00:04]} hxg6 {[%emt 0:00:01]} 51. Kg5 {[%emt 0:00:00]} Kf3 {[%emt
0:00:01]} 52. Kxg6 {[%emt 0:00:01]} h4 {[%emt 0:00:01]} 53. Kg5 {[%emt 0:00:00]
} h3 {[%emt 0:00:01] Chofis rinde} 0-1

[Event "Villarobledo Online Qualifyer"]
[Site "playchess.com #155672"]
[Date "2009.05.23"]
[Round "13"]
[White "BigBee"]
[Black "CubaChessPraxis"]
[Result "0-1"]
[WhiteElo "1803"]
[BlackElo "2085"]
[PlyCount "50"]
[EventDate "2009.05.23"]
[EventType "swiss (blitz)"]

1. d4 {[%emt 0:00:01]} f5 {[%emt 0:00:06]} 2. Nf3 {[%emt 0:00:02]} Nf6 {[%emt
0:00:01]} 3. g3 {[%emt 0:00:01]} g6 {[%emt 0:00:01]} 4. Bg2 {[%emt 0:00:01]}
Bg7 {[%emt 0:00:05]} 5. O-O {[%emt 0:00:01]} O-O {[%emt 0:00:02]} 6. c4 {[%emt
0:00:01]} d6 {[%emt 0:00:01]} 7. Nc3 {[%emt 0:00:01]} c6 {[%emt 0:00:03]} 8.
Qc2 {[%emt 0:00:05]} Nh5 {[%emt 0:00:08]} 9. e3 {[%emt 0:00:07]} a5 {[%emt 0:
00:02]} 10. b3 {[%emt 0:00:02]} Na6 {[%emt 0:00:03]} 11. Bb2 {[%emt 0:00:02]}
e5 {[%emt 0:00:05]} 12. dxe5 {[%emt 0:00:02]} dxe5 {[%emt 0:00:02]} 13. Rad1 {
[%emt 0:00:01]} Qe7 {[%emt 0:00:02]} 14. e4 {[%emt 0:00:12]} f4 {[%emt 0:00:03]
} 15. Na4 {[%emt 0:00:05]} Bg4 {[%emt 0:00:09]} 16. Nb6 {[%emt 0:00:05]} Rad8 {
[%emt 0:00:03]} 17. Rxd8 {[%emt 0:00:02]} Rxd8 {[%emt 0:00:03]} 18. Rd1 {[%emt
0:00:02]} Nb4 {[%emt 0:00:31]} 19. Qb1 {[%emt 0:00:03]} Bf6 {[%emt 0:00:38]}
20. Ba3 {[%emt 0:00:11]} Ng7 {[%emt 0:00:11]} 21. Qc1 {[%emt 0:00:16]} fxg3 {
[%emt 0:00:02]} 22. hxg3 {[%emt 0:00:03]} Ne6 {[%emt 0:00:12]} 23. Rd2 {[%emt
0:00:06]} Nc5 {[%emt 0:00:09]} 24. Re2 {[%emt 0:00:26]} Rd3 {[%emt 0:00:08]}
25. Nh2 {[%emt 0:00:05]} Bxe2 {[%emt 0:00:04] BigBee gibt auf} 0-1

[Event "Villarobledo Online Qualifyer"]
[Site "playchess.com #155672"]
[Date "2009.05.23"]
[Round "13"]
[White "Master--Sim"]
[Black "Lupi_linares"]
[Result "1-0"]
[WhiteElo "2029"]
[BlackElo "1830"]
[PlyCount "51"]
[EventDate "2009.05.23"]
[EventType "swiss (blitz)"]

1. d4 {[%emt 0:00:01]} d5 {[%emt 0:00:01]} 2. Nf3 {[%emt 0:00:01]} Nf6 {[%emt
0:00:01]} 3. Bf4 {[%emt 0:00:02]} e6 {[%emt 0:00:01]} 4. e3 {[%emt 0:00:01]}
Be7 {[%emt 0:00:01]} 5. Bd3 {[%emt 0:00:01]} Nh5 {[%emt 0:00:01]} 6. Bg3 {
[%emt 0:00:03]} Nxg3 {[%emt 0:00:01]} 7. hxg3 {[%emt 0:00:00]} h6 {[%emt 0:00:
02]} 8. Nbd2 {[%emt 0:00:01]} c5 {[%emt 0:00:08]} 9. c3 {[%emt 0:00:02]} b6 {
[%emt 0:00:06]} 10. Ne5 {[%emt 0:00:02]} O-O {[%emt 0:00:08]} 11. g4 {[%emt 0:
00:05]} Bb7 {[%emt 0:00:09]} 12. f4 {[%emt 0:00:01]} Bh4+ {[%emt 0:00:06]} 13.
Ke2 {[%emt 0:00:06]} Bf6 {[%emt 0:00:07]} 14. Ndf3 {[%emt 0:00:05]} a6 {[%emt
0:00:23]} 15. Rh5 {[%emt 0:00:04]} Nd7 {[%emt 0:00:12]} 16. g5 {[%emt 0:00:02]}
Bxe5 {[%emt 0:00:12]} 17. dxe5 {[%emt 0:00:06]} d4 {[%emt 0:00:22]} 18. Qh1 {
[%emt 0:00:05]} Re8 {[%emt 0:00:33]} 19. Rxh6 {[%emt 0:00:05]} gxh6 {[%emt 0:
00:01]} 20. Qxh6 {[%emt 0:00:02]} Nf8 {[%emt 0:00:01]} 21. Rh1 {[%emt 0:00:05]}
Ng6 {[%emt 0:00:07]} 22. Bxg6 {[%emt 0:00:04]} fxg6 {[%emt 0:00:33]} 23. Qxg6+
{[%emt 0:00:07]} Kf8 {[%emt 0:00:01]} 24. Rh8+ {[%emt 0:00:06]} Ke7 {[%emt 0:
00:01]} 25. Rh7+ {[%emt 0:00:01]} Kf8 {[%emt 0:00:08]} 26. Qf7# {[%emt 0:00:02]
} 1-0

[Event "Villarobledo Online Qualifyer"]
[Site "playchess.com #155672"]
[Date "2009.05.23"]
[Round "13"]
[White "Promotionfou"]
[Black "Cemcakan3"]
[Result "1-0"]
[WhiteElo "2147"]
[BlackElo "2176"]
[PlyCount "129"]
[EventDate "2009.05.23"]
[EventType "swiss (blitz)"]

1. d4 {[%emt 0:00:01]} Nf6 {[%emt 0:00:01]} 2. Nf3 {[%emt 0:00:01]} e6 {[%emt
0:00:02]} 3. c4 {[%emt 0:00:00]} b6 {[%emt 0:00:01]} 4. Nc3 {[%emt 0:00:00]}
Bb7 {[%emt 0:00:01]} 5. g3 {[%emt 0:00:00]} Be7 {[%emt 0:00:07]} 6. Bg2 {[%emt
0:00:01]} O-O {[%emt 0:00:01]} 7. O-O {[%emt 0:00:00]} Ne4 {[%emt 0:00:01]} 8.
Nxe4 {[%emt 0:00:01]} Bxe4 {[%emt 0:00:00]} 9. Ne1 {[%emt 0:00:02]} Bxg2 {
[%emt 0:00:01]} 10. Nxg2 {[%emt 0:00:00]} d5 {[%emt 0:00:01]} 11. cxd5 {[%emt
0:00:01]} exd5 {[%emt 0:00:00]} 12. Be3 {[%emt 0:00:00]} Nd7 {[%emt 0:00:15]}
13. Qd2 {[%emt 0:00:01]} Nf6 {[%emt 0:00:01]} 14. Rac1 {[%emt 0:00:01]} Rc8 {
[%emt 0:00:06]} 15. Rc2 {[%emt 0:00:02]} c5 {[%emt 0:00:02]} 16. dxc5 {[%emt 0:
00:01]} bxc5 {[%emt 0:00:01]} 17. Bg5 {[%emt 0:00:03]} h6 {[%emt 0:00:21]} 18.
Bxf6 {[%emt 0:00:01]} Bxf6 {[%emt 0:00:00]} 19. Rd1 {[%emt 0:00:01]} d4 {[%emt
0:00:06]} 20. e3 {[%emt 0:00:03]} dxe3 {[%emt 0:00:07]} 21. Nxe3 {[%emt 0:00:
00]} Qxd2 {[%emt 0:00:04]} 22. Rcxd2 {[%emt 0:00:00]} c4 {[%emt 0:00:07]} 23.
Rc2 {[%emt 0:00:01]} c3 {[%emt 0:00:03]} 24. bxc3 {[%emt 0:00:01]} Rxc3 {[%emt
0:00:01]} 25. Rxc3 {[%emt 0:00:01]} Bxc3 {[%emt 0:00:00]} 26. Rd7 {[%emt 0:00:
01]} Ra8 {[%emt 0:00:08]} 27. Nd5 {[%emt 0:00:01]} Ba5 {[%emt 0:00:11]} 28.
Ne7+ {[%emt 0:00:01]} Kf8 {[%emt 0:00:06]} 29. Nc6 {[%emt 0:00:00]} Bb6 {[%emt
0:00:01]} 30. a4 {[%emt 0:00:01]} f6 {[%emt 0:00:13]} 31. Rb7 {[%emt 0:00:03]}
Rc8 {[%emt 0:00:31]} 32. Nxa7 {[%emt 0:00:02]} Bxa7 {[%emt 0:00:02]} 33. Rxa7 {
[%emt 0:00:01]} Rc1+ {[%emt 0:00:00]} 34. Kg2 {[%emt 0:00:01]} Ra1 {[%emt 0:00:
01]} 35. a5 {[%emt 0:00:00]} Kg8 {[%emt 0:00:03]} 36. a6 {[%emt 0:00:00]} Kh7 {
[%emt 0:00:01]} 37. Kf3 {[%emt 0:00:01]} Kg6 {[%emt 0:00:01]} 38. h4 {[%emt 0:
00:01]} h5 {[%emt 0:00:03]} 39. Kg2 {[%emt 0:00:01]} Ra2 {[%emt 0:00:01]} 40.
Kf3 {[%emt 0:00:01]} Ra3+ {[%emt 0:00:01]} 41. Ke4 {[%emt 0:00:01]} Ra2 {[%emt
0:00:02]} 42. f3 {[%emt 0:00:01]} Ra4+ {[%emt 0:00:03]} 43. Kd5 {[%emt 0:00:01]
} Ra3 {[%emt 0:00:00]} 44. Kc6 {[%emt 0:00:05]} Rxf3 {[%emt 0:00:02]} 45. Rd7 {
[%emt 0:00:01]} Rxg3 {[%emt 0:00:04]} 46. a7 {[%emt 0:00:01]} Ra3 {[%emt 0:00:
01]} 47. Kb7 {[%emt 0:00:01]} f5 {[%emt 0:00:08]} 48. a8=Q {[%emt 0:00:01]}
Rxa8 {[%emt 0:00:01]} 49. Kxa8 {[%emt 0:00:01]} f4 {[%emt 0:00:01]} 50. Kb7 {
[%emt 0:00:01]} Kf5 {[%emt 0:00:01]} 51. Rxg7 {[%emt 0:00:02]} f3 {[%emt 0:00:
02]} 52. Kc6 {[%emt 0:00:05]} Ke4 {[%emt 0:00:01]} 53. Rf7 {[%emt 0:00:03]} Ke3
{[%emt 0:00:01]} 54. Re7+ {[%emt 0:00:04]} Kd3 {[%emt 0:00:09]} 55. Rd7+ {
[%emt 0:00:05]} Ke3 {[%emt 0:00:02]} 56. Re7+ {[%emt 0:00:00]} Kd3 {[%emt 0:00:
01]} 57. Rf7 {[%emt 0:00:01]} Ke2 {[%emt 0:00:01]} 58. Kd5 {[%emt 0:00:00]} f2
{[%emt 0:00:01]} 59. Ke4 {[%emt 0:00:01]} f1=Q {[%emt 0:00:05]} 60. Rxf1 {
[%emt 0:00:01]} Kxf1 {[%emt 0:00:00]} 61. Kf4 {[%emt 0:00:00]} Kg2 {[%emt 0:00:
01]} 62. Kg5 {[%emt 0:00:00]} Kg3 {[%emt 0:00:01]} 63. Kxh5 {[%emt 0:00:00]}
Kf4 {[%emt 0:00:00]} 64. Kg6 {[%emt 0:00:01]} Kg4 {[%emt 0:00:01]} 65. h5 {
[%emt 0:00:00] Cemcakan3 resigns} 1-0

[Event "Villarobledo Online Qualifyer"]
[Site "playchess.com #155672"]
[Date "2009.05.23"]
[Round "13"]
[White "marx"]
[Black "Q2w3e"]
[Result "0-1"]
[WhiteElo "1366"]
[BlackElo "1565"]
[PlyCount "46"]
[EventDate "2009.05.23"]
[EventType "swiss (blitz)"]

1. e4 {[%emt 0:00:01]} c6 {[%emt 0:00:02]} 2. d4 {[%emt 0:00:01]} d5 {[%emt 0:
00:01]} 3. exd5 {[%emt 0:00:00]} cxd5 {[%emt 0:00:00]} 4. Nc3 {[%emt 0:00:02]}
Nf6 {[%emt 0:00:02]} 5. Nf3 {[%emt 0:00:01]} Nc6 {[%emt 0:00:01]} 6. Bb5 {
[%emt 0:00:02]} a6 {[%emt 0:00:01]} 7. Bxc6+ {[%emt 0:00:01]} bxc6 {[%emt 0:00:
00]} 8. Ne5 {[%emt 0:00:01]} Qc7 {[%emt 0:00:01]} 9. f4 {[%emt 0:00:06]} Bg4 {
[%emt 0:00:06]} 10. Qd3 {[%emt 0:00:12]} e6 {[%emt 0:00:04]} 11. Bd2 {[%emt 0:
00:04]} Be7 {[%emt 0:00:03]} 12. h3 {[%emt 0:00:01]} Bf5 {[%emt 0:00:03]} 13.
Qg3 {[%emt 0:00:18]} O-O-O {[%emt 0:00:26]} 14. O-O {[%emt 0:00:49]} Rdf8 {
[%emt 0:00:07]} 15. a3 {[%emt 0:00:35]} Ne4 {[%emt 0:00:19]} 16. Nxe4 {[%emt 0:
00:02]} Bxe4 {[%emt 0:00:03]} 17. Qc3 {[%emt 0:00:14]} f6 {[%emt 0:00:36]} 18.
Nxc6 {[%emt 0:00:02]} Bd6 {[%emt 0:00:13]} 19. b4 {[%emt 0:00:18]} Kd7 {[%emt
0:00:10]} 20. Na5 {[%emt 0:00:25]} Qxc3 {[%emt 0:00:02]} 21. Bxc3 {[%emt 0:00:
01]} Rc8 {[%emt 0:00:03]} 22. Bd2 {[%emt 0:00:08]} Rxc2 {[%emt 0:00:02]} 23.
Be3 {[%emt 0:00:05]} Rxg2+ {[%emt 0:00:04] marx resigns} 0-1